000 00560nam a2200205Ii 4500
001 7036
003 CO-ViMGA
008 241108s9999||||xx |||||||||||||| ||und||
040 _aCO-ViMGA
_bspa
_erda
_cCO-ViMGA
041 0 _aspa
084 _aN DOS1n
100 1 _aFedor Dostoiewsky
_946739
245 1 0 _aNovelas y cuentos
264 1 _aEstados Unidos : Jackson, 1973
300 _avolumen
336 _atext
_btxt
_2rdacontent
337 _aunmediated
_bn
_2rdamedia
338 _avolume
_bnc
_2rdacarrier
940 _aidficha_siabuc: 6875. -- ficha_no_siabuc:7036
999 _c41309
_d41309